Normal view
MARC view
- Punekar, Sushant
Entry Personal Name
001 - CONTROL NUMBER
- control field: 1096
003 - CONTROL NUMBER IDENTIFIER
- control field: OSt
005 - DATE AND TIME OF LATEST TRANSACTION
- control field: 20160721150845.0
008 - FIXED-LENGTH DATA ELEMENTS
- fixed length control field: 160721|| aca||aabn | a|a d
040 ## - CATALOGING SOURCE
- Original cataloging agency: OSt
- Transcribing agency: OSt
100 ## - HEADING--PERSONAL NAME
- Personal name: Punekar, Sushant
670 ## - SOURCE DATA FOUND
- Source citation: Work cat.: (OSt)14625: Punekar, Sushant, Laboratory instruments operations and maintenance, 2012
